| 000 | 00944nam a22002537a 4500 | ||
|---|---|---|---|
| 999 |
_c18847 _d18847 |
||
| 003 | AR-CdUCM | ||
| 008 | 190515b ||||| |||| 00| 0 spa d | ||
| 040 |
_aMUNICIPALIDAD PROVINCIAL DEL CUSCO _cBIBLIOTECA MUNICIPAL DEL CUSCO |
||
| 082 |
_a869.44 / _bR72 |
||
| 100 |
_aRocha Monroy, Enrique _910000 |
||
| 245 | _aYo, señores, soy Choke Yapu Marka / | ||
| 260 |
_aBolivia : _bAlcaldía municipal, _c1993. |
||
| 300 |
_a224 páginas ; _bFotografías, _c22 cm. |
||
| 505 | _aContenido: Andrés Santa Cruz calaumana -- Bolivar y su epopeya trunca -- El patrimonio de Pedro Domingo Murillo... | ||
| 650 |
_aBolivia _91138 |
||
| 650 |
_aBolivar _934751 |
||
| 650 |
_aEmancipación _9260 |
||
| 700 |
_aArandia, Edgar (traducción) _939712 |
||
| 700 |
_aDíaz, Clovis (traducción) _939713 |
||
| 700 |
_aPerez Alcalá (traducción) _939714 |
||
| 700 |
_aEscobar, Fredy (traducción) _939715 |
||
| 942 |
_2ddc _cLIBROS |
||
| 945 |
_adavv _d2019-05-15 |
||